000 00960nam a22002897a 4500
999 _c3762
_d3762
003 AR-CdUCM
008 190307b ||||| |||| 00| 0 spa d
020 _a8425405939
040 _aMUNICIPALIDAD PROVINCIAL DEL CUSCO
_cBIBLIOTECA MUNICIPAL DEL CUSCO
082 _a301.431 /
_bA47
100 _aAllaer, Carnois
_912162
245 _aLa adolescencia /
260 _aBarcelona :
_bHerder,
_c1978.
300 _a426 páginas ;
_c21 cm.
505 _aLa adolescencia en tiempo de evolución -- Los adolescentes en su ambiente -- Adolescentes en dificultades -- La evolución de un ideal...
650 _aAdolescencia.
_9127
650 _aPsicología.
_91538
650 _aEducación.
_9460
650 _aDesarrollo personal.
_912163
700 _aCarnois, A.
_912164
700 _aCremer, Ph.
_912165
700 _aDebarge, L.
_912166
700 _aDeconchy, J.P.
_912167
700 _aErnst,
_912168
942 _2ddc
_cLIBROS
945 _awfj
_d2019-03-07